[Event "ZN-2013-0-02317"]
[Site "LSS email"]
[Date "2013.06.03"]
[Round "?"]
[White "Perez Billinghurst, Ricardo"]
[Black "Lauer, Fredric"]
[Result "0-1"]
[WhiteElo "644"]
[BlackElo "989"]
[PlyCount "70"]
[EventDate "2013.05.27"]
[EventType "match (corr)"]
[EventRounds "2"]
[EventCountry "GER"]
[SourceTitle "Telechess CBM 161"]
[Source "ChessBase"]
[SourceDate "2014.07.16"]
[SourceVersion "1"]
[SourceVersionDate "2014.07.16"]
[SourceQuality "1"]

1. e4 c5 2. Nc3 Nc6 3. Nf3 Nf6 4. d4 cxd4 5. Nxd4 e6 6. a3 Be7 7. Be2 0-0 8. Nxc6 bxc6 9. 0-0 d5 10. e5 Ne8 11. Bd3 c5 12. Qg4 c4 13. Bh6 cxd3 14. cxd3 f5 15. Qg3 Bh4 16. Qe3 gxh6 17. Qxh6 Qg5 18. Qxg5+ Bxg5 19. b4 Ba6 20. f4 Be7 21. b5 Bb7 22. Rfd1 Rf7 23. Na4 Rc8 24. b6 axb6 25. Nxb6 Bc5+ 26. d4 Bxb6 27. Rab1 Rc6 28. a4 Ba6 29. g3 Rb7 30. Kg2 Rc2+ 31. Kh3 Rc4 32. a5 Bxa5 33. Rxb7 Bxb7 34. Kh4 Bc3 35. Rb1 Rb4 0-1

[Event "SN-2013-0-00513"]
[Site "LSS email"]
[Date "2013.05.31"]
[Round "?"]
[White "Popov, Misha"]
[Black "Perez Billinghurst, Ricardo"]
[Result "1-0"]
[WhiteElo "905"]
[BlackElo "645"]
[PlyCount "27"]
[EventDate "2013.05.05"]
[EventType "tourn (corr)"]
[EventRounds "6"]
[EventCountry "GER"]
[SourceTitle "Corr 2015"]
[Source "ChessBase"]
[SourceDate "2015.07.17"]
[SourceVersion "1"]
[SourceVersionDate "2015.07.17"]
[SourceQuality "1"]

1. Nf3 c5 2. d4 e6 3. e4 Be7 4. c4 Nf6 5. e5 Ne4 6. Bd3 Ng5 7. d5 exd5 8. cxd5 d6 9. exd6 Qxd6 10. Nxg5 Qxd5 11. Bb5+ Kf8 12. Qxd5 Be6 13. Nxe6+ fxe6 14. Qxb7 1-0